| 000 | 00322 a2200109 4500 | ||
|---|---|---|---|
| 082 | _a621.4 MAJ | ||
| 100 | _aMajid, Abdul | ||
| 245 |
_aHandbook for Engineers _cAbdul Majid |
||
| 260 |
_aPakistan : _bInstitute for Professional Advancment, 9-F Johar Town, _c2007 |
||
| 300 |
_aiv, 210p. : _bill. ; _c25 cm |
||
| 650 | _aHeat - Energy | ||
| 650 | _aindustries | ||
| 999 |
_c954 _d954 |
||